Countries with embassies and consulates in Comoros - Statistics

General Stats
  • This quiz has been taken 48 times
  • The average score is 7 of 9
Answer Stats
Continent Country % Correct
Europe France
93%
Asia China
91%
Africa South Africa
89%
Africa Tanzania
80%
Asia Saudi Arabia
78%
Asia Iran
70%
Africa Sudan
67%
Asia Qatar
59%
Africa Libya
46%
No matching quizzes found
Score Distribution
Percent of People with Each Score
Percentile by Number Answered
Your Score History
You have not taken this quiz